Regional motivation differences of service sector employees in urban and rural areas in Slovakia
Motivácia zamestnancov. Motivačné programy. Regionálne rozdiely.T-Test.
Saved in:
| Main Author: | |
|---|---|
| Other Authors: | , , |
| Format: | Book Chapter |
| Language: | English |
| Subjects: | |
| Tags: |
No Tags, Be the first to tag this record!
|
MARC
| LEADER | 00000nla a2200000 4500 | ||
|---|---|---|---|
| 001 | 0225255 | ||
| 005 | 20220321081628.4 | ||
| 041 | 0 | |a eng | |
| 044 | |a CZ | ||
| 245 | 1 | 0 | |a Regional motivation differences of service sector employees in urban and rural areas in Slovakia |c Renáta Myšková, Miloš Hitka, Silvia Lorincová, Žaneta Balážová |
| 520 | |a Motivácia zamestnancov. Motivačné programy. Regionálne rozdiely.T-Test. | ||
| 610 | 2 | 0 | |a Slovensko |
| 610 | 2 | 0 | |a služby |
| 610 | 2 | 0 | |a diferenciácia regionálna |
| 610 | 2 | 0 | |a motivácia pracovná |
| 100 | 1 | |a Myšková, Renáta | |
| 700 | 1 | |a Hitka, Miloš | |
| 700 | 1 | |a Lorincová, Silvia | |
| 700 | 1 | |a Balážová, Žaneta | |